| Registos Bibliográficos associados ao registo de autoridade |
|
Etiqueta de registo: 01094cam 02200277 04500 001 949101 003 http://id.bnportugal.gov.pt/bib/catbnp/949101 005 19990617000000.0 095 ## $aPTBN00963452 100 ## $a19980305d1997 k y0pory0103 ba 101 0# $apor 102 ## $aPT 105 ## $ay n 000yy 106 ## $ar 200 1# $aLei sobre o regime jurídico dos estrangeiros na República de Angola$eLei nº 3-94 de 21 de Janeiro$ecomentários e anotações ;$aRegulamento sobre o regime jurídico dos estrangeiros$edecreto nº 48-94, de 25 de Novembro$fCarlos Alberto B. Burity da Silva, David Rodrigues da Rocha 210 #9 $a[S.l.]$cC. A. B. B. da Silva$cD. R. da Rocha,$d[D.L. 1997]$eAmadora :$gImpresse 4) 215 ## $a68, [1] p.$d21 cm 500 00 $aLeis, decretos, etc. 675 ## $a351.756-054.6(673)(094.5)$vBN$zpor$3857993 702 #1 $aRocha,$bDavid Rodrigues da$4020$3276628 702 #1 $aSilva,$bCarlos B. Burity da,$f1957-$4020$3237745 710 01 $aAngola.$3102745 801 #0 $aPT$bBN$gRPC 966 ## $c2$lBN$mFGMON$sS.C. 78703 V.$x1 966 ## $c2$lBN$mFGMON$sS.C. 78703 V.$x1
|
|
|